Manažment predaja bioproduktov vo vybraných nákupných centrách diplomová práca

Gespeichert in:
Bibliographische Detailangaben
1. Verfasser: Hanisová, Barbara
Körperschaft: Podnikovohospodárska fakulta EU so sídlom v Košiciach. Katedra hospodárskej informatiky a matematiky
Weitere Verfasser: Hajduová, Zuzana, 1974-
Format: Buch
Sprache:Slowakisch
Veröffentlicht: Košice 2011
Tags: Tag hinzufügen
Keine Tags, Fügen Sie das erste Tag hinzu!

MARC

LEADER 00000nbm a2200000 4500
001 0130517
005 20161109101542.6
041 0 |a slo 
044 |a SK 
245 1 0 |a Manažment predaja bioproduktov vo vybraných nákupných centrách  |b diplomová práca  |c Barbara Hanisová ; školiteľ: Zuzana Hajduová 
264 1 |a Košice  |c 2011 
300 |a 95 s. 
100 1 |a Hanisová, Barbara 
700 1 |a Hajduová, Zuzana, 1974- 
710 2 |a Podnikovohospodárska fakulta EU so sídlom v Košiciach. Katedra hospodárskej informatiky a matematiky